La hora de los recursos naturales, los movimientos sociales alternativos y el pensamiento nacionalista /

Na minha lista:
Detalhes bibliográficos
Autor principal: Barahona, Marvin
Formato: Texto
Assuntos:
Tags: Adicionar Tag
Sem tags, seja o primeiro a adicionar uma tag!

MARC

LEADER 00000 a a2200000 04500
001 7203
003
040
100 |a Barahona, Marvin  
245 |a La hora de los recursos naturales, los movimientos sociales alternativos y el pensamiento nacionalista /  |c Marvin Barahona 
650 |a RECURSOS NATURALES  
650 |a LEGISLACION AMBIENTAL  
650 |a EMPRESAS  
650 |a MOVIMIENTOS SOCIALES  
650 |a NEOLIBERALISMO  
650 |a HONDURAS  
773 |g volumen 4, número 12; páginas 1-6  
999 |c 21666  |d 21666